[Event "Paranaense-ch (Women)"]
[Site "Pirai do Sul"]
[Date "2018.01.26"]
[Round "2.10"]
[White "Fernandes, Paola Helena da Sil"]
[Black "Ribeiro Pereira, Kevillyn Lorray"]
[Result "1-0"]
[WhiteElo "1689"]
[BlackElo "1250"]
[PlyCount "110"]
[EventDate "2018.01.26"]
[EventType "swiss"]
[EventRounds "5"]
[EventCountry "BRA"]
[SourceTitle "EXT 2022"]
[Source "ChessBase"]
[SourceDate "2021.10.06"]
[SourceVersion "1"]
[SourceVersionDate "2021.10.06"]
[SourceQuality "1"]

1. e4 e5 2. Nf3 Nc6 3. d4 d6 4. dxe5 Bg4 5. exd6 Bxd6 6. Be2 Qe7 7. Nc3 Nf6 8. Bg5 h6 9. Bxf6 gxf6 10. Nd5 Qe6 11. h3 Bxf3 12. gxf3 0-0-0 13. Bc4 Qe5 14. c3 f5 15. Qe2 Ne7 16. f4 Qxe4 17. Qxe4 fxe4 18. Nxe7+ Bxe7 19. Bxf7 Rhf8 20. Be6+ Kb8 21. f5 Bh4 22. Ke2 Bg5 23. Rad1 a6 24. Rxd8+ Rxd8 25. Rd1 Rf8 26. Rd4 Rd8 27. Rxd8+ Bxd8 28. Ke3 Bh4 29. Kxe4 Bxf2 30. f6 c6 31. Kf5 Bc5 32. Kg6 Kc7 33. Kxh6 Bf8+ 34. Kg6 Kd6 35. Bc8 Kc7 36. Kf7 Bd6 37. Be6 b5 38. Ke8 Be5 39. f7 Bg7 40. f8Q Bxf8 41. Kxf8 Kd6 42. Kf7 Ke5 43. Bc8 a5 44. Bd7 Kd6 45. Bxc6 Kxc6 46. Ke6 Kc5 47. h4 Kc4 48. h5 Kd3 49. h6 Kc2 50. h7 Kxb2 51. h8Q Kxa2 52. Qb8 a4 53. Qxb5 a3 54. Qb4 Ka1 55. Qxa3+ Kb1 1-0

[Event "BRA-ch U16 Girls"]
[Site "Itajai"]
[Date "2017.06.04"]
[Round "6"]
[White "Ribeiro Pereira, Kevillyn Lorray"]
[Black "Moretto, Leticia Soares"]
[Result "0-1"]
[WhiteElo "1283"]
[BlackElo "1289"]
[PlyCount "80"]
[EventDate "2017.06.01"]
[EventType "swiss"]
[EventRounds "6"]
[EventCountry "BRA"]
[SourceTitle "CBM 179 Extra"]
[Source "ChessBase"]
[SourceDate "2017.08.23"]
[SourceVersion "1"]
[SourceVersionDate "2017.08.23"]
[SourceQuality "1"]

1. e4 c6 2. Nc3 d5 3. exd5 cxd5 4. d4 Nc6 5. Nf3 Bf5 6. a3 e6 7. Bb5 a6 8. Bxc6+ bxc6 9. 0-0 Nf6 10. Ne5 Qc7 11. Nf3 Bd6 12. Nh4 0-0 13. Nxf5 exf5 14. Qf3 Bxh2+ 15. Kh1 Bd6 16. Qxf5 Qd7 17. Qxd7 Nxd7 18. g3 Rfe8 19. Bd2 Re7 20. Na4 Rae8 21. Kg2 Re2 22. Bc3 Rxc2 23. Rad1 Rce2 24. b4 Bc7 25. Nb2 Nf6 26. Nd3 Ng4 27. Kf3 Nh2+ 28. Kg2 Nxf1 29. Kxf1 f6 30. Ne5 fxe5 31. Kxe2 exd4+ 32. Kd3 dxc3 33. Kxc3 a5 34. Rd4 Be5 35. bxa5 Bxd4+ 36. Kxd4 Ra8 37. Kc5 Rxa5+ 38. Kxc6 d4 39. Kb6 Rxa3 40. Kc5 d3 0-1

[Event "BRA-ch U16 Girls"]
[Site "Itajai"]
[Date "2017.06.02"]
[Round "2"]
[White "Gilioli, Taynara Marquers"]
[Black "Ribeiro Pereira, Kevillyn Lorray"]
[Result "0-1"]
[WhiteElo "1526"]
[BlackElo "1283"]
[PlyCount "134"]
[EventDate "2017.06.01"]
[EventType "swiss"]
[EventRounds "6"]
[EventCountry "BRA"]
[SourceTitle "CBM 179 Extra"]
[Source "ChessBase"]
[SourceDate "2017.08.23"]
[SourceVersion "1"]
[SourceVersionDate "2017.08.23"]
[SourceQuality "1"]

1. e4 e5 2. Nf3 Nc6 3. Bc4 h6 4. c3 Nf6 5. d3 a6 6. 0-0 b5 7. Bb3 Be7 8. Be3 0-0 9. Nbd2 d6 10. Nh4 Ng4 11. Ng6 Re8 12. h3 Nxe3 13. fxe3 Bg5 14. Bxf7+ Kh7 15. Qh5 Bxe3+ 16. Kh1 Be6 17. Bxe8 Qxe8 18. Nf8+ Kg8 19. Qxe8 Rxe8 20. Nxe6 Rxe6 21. Nb3 Ne7 22. Rf3 Bf4 23. Raf1 Ng6 24. d4 Nh4 25. Rd3 Rg6 26. Rg1 Bg3 27. Rd2 Rg5 28. Re2 Ng6 29. Nd2 Nf4 30. Nf3 Nxe2 31. Nxg5 Nxg1 32. Ne6 Ne2 33. dxe5 Bxe5 34. Nxc7 Ng3+ 35. Kg1 Nxe4 36. Nxa6 Kf7 37. a3 g5 38. Nc7 h5 39. Nxb5 d5 40. a4 Nc5 41. a5 Na4 42. a6 Kf6 43. Kf2 Kf5 44. Ke3 g4 45. b3 Bf4+ 46. Kf2 Nb6 47. Nd4+ Ke4 48. hxg4 hxg4 49. Ne6 Bd2 50. Nc5+ Kf5 51. a7 Bxc3 52. Na4 Bd4+ 53. Ke2 Na8 54. Kd3 Bxa7 55. Nc3 d4 56. Nd5 Ke6 57. Nf4+ Ke5 58. g3 Nc7 59. Ng6+ Kd6 60. Nf4 Nb5 61. Nh5 Ke5 62. Nf4 Bb8 63. Ng6+ Kf6 64. Nf4 Bxf4 65. gxf4 g3 66. Ke2 Kf5 67. Kf3 d3 0-1

[Event "Parana-ch (Women)"]
[Site "Pirai do Sul"]
[Date "2017.01.28"]
[Round "2"]
[White "Ribeiro Pereira, Kevillyn Lorray"]
[Black "Dos Anjos, Diovana Ferreira"]
[Result "0-1"]
[WhiteElo "1318"]
[BlackElo "1605"]
[PlyCount "70"]
[EventDate "2017.01.28"]
[EventType "swiss"]
[EventRounds "6"]
[EventCountry "BRA"]
[SourceTitle "CBM 176 Extra"]
[Source "ChessBase"]
[SourceDate "2017.03.02"]
[SourceVersion "1"]
[SourceVersionDate "2017.03.02"]
[SourceQuality "1"]

1. e4 a6 2. d4 b5 3. Nc3 Bb7 4. Bf4 e6 5. Be2 b4 6. Na4 Bxe4 7. Bf3 Bc6 8. c3 d5 9. cxb4 Bxb4+ 10. Bd2 Bxd2+ 11. Qxd2 Bxa4 12. Bg4 Nf6 13. Be2 0-0 14. Nf3 Nbd7 15. 0-0 c5 16. Bd3 cxd4 17. Bb1 e5 18. Bf5 d3 19. Qg5 e4 20. Nh4 h6 21. Qg3 Nh5 22. Qg4 Ndf6 23. Qh3 Bd7 24. Qe3 Ng4 25. Qd4 Qxh4 26. h3 Ngf6 27. Bxd7 Nxd7 28. Qxd5 Ndf6 29. Qf5 Qf4 30. Qc5 Rfd8 31. Qc4 Rd5 32. Qb3 Rg5 33. Qd1 Qf5 34. Kh2 Nf4 35. g3 Qxh3+ 0-1